[Event "Oskarja Memorial 10th"]
[Site "Chess.com INT"]
[Date "2021.01.16"]
[Round "13"]
[White "Begic, Klara"]
[Black "Zitnik, Urban"]
[Result "0-1"]
[WhiteElo "1662"]
[BlackElo "1641"]
[PlyCount "152"]
[EventDate "2021.01.16"]
[EventType "swiss (blitz)"]
[EventRounds "15"]
[EventCountry "SLO"]
[SourceTitle "CBM 200 Extra"]
[Source "ChessBase"]
[SourceDate "2021.03.31"]
[SourceVersion "1"]
[SourceVersionDate "2021.03.31"]
[SourceQuality "1"]

1. d4 b6 2. Bf4 Bb7 3. Nd2 d6 4. e4 Nd7 5. f3 g6 6. Bd3 Bg7 7. c3 e5 8. dxe5 dxe5 9. Bg3 c6 10. Ne2 Ngf6 11. Qc2 0-0 12. 0-0 Nh5 13. Bf2 Bh6 14. Rad1 Qc7 15. Bc4 b5 16. Bb3 a5 17. a3 a4 18. Ba2 Rad8 19. c4 Ba6 20. c5 Nf4 21. Nxf4 Bxf4 22. Rfe1 Nf6 23. Nf1 Nh5 24. Rxd8 Rxd8 25. Rd1 Bh6 26. Bg3 Bg7 27. Rxd8+ Qxd8 28. Qd2 Qe7 29. Qd6 Qxd6 30. cxd6 Bc8 31. b3 axb3 32. Bxb3 Nxg3 33. hxg3 Bf8 34. a4 Bxd6 35. axb5 cxb5 36. Ne3 Bc5 37. Kf2 Ba6 38. Ke2 b4+ 39. Kd2 Bxe3+ 40. Kxe3 Kf8 41. f4 f6 42. f5 gxf5 43. exf5 h6 44. g4 Ke7 45. Ke4 Kd6 46. g3 Be2 47. Ke3 Bxg4 48. Bc2 Kc5 49. Ke4 Kc4 50. Bd3+ Kc3 51. Ba6 b3 52. Bd3 Bf3+ 53. Ke3 e4 54. Bb1 Kb2 55. Bxe4 Bxe4 56. Kxe4 Kc2 57. Kd5 b2 58. Ke6 b1Q 59. Kxf6 Qb6+ 60. Kg7 Qc7+ 61. Kg6 Qxg3+ 62. Kxh6 Qg8 63. Kh5 Qf7+ 64. Kg5 Kd3 65. Kf4 Kd4 66. Kg4 Qf6 67. Kf4 Kd3 68. Kg4 Ke4 69. Kg3 Qxf5 70. Kg2 Qf3+ 71. Kh2 Qf8 72. Kg3 Ke5 73. Kg4 Qf7 74. Kg3 Ke4 75. Kg2 Ke3 76. Kg1 Ke2 0-1

[Event "Oskarja Memorial 10th"]
[Site "Chess.com INT"]
[Date "2021.01.16"]
[Round "6"]
[White "Nikolic, Boban"]
[Black "Zitnik, Urban"]
[Result "1-0"]
[WhiteElo "2200"]
[BlackElo "1641"]
[PlyCount "83"]
[EventDate "2021.01.16"]
[EventType "swiss (blitz)"]
[EventRounds "15"]
[EventCountry "SLO"]
[SourceTitle "CBM 200 Extra"]
[Source "ChessBase"]
[SourceDate "2021.03.31"]
[SourceVersion "1"]
[SourceVersionDate "2021.03.31"]
[SourceQuality "1"]

1. c4 b6 2. Nc3 Bb7 3. e4 d6 4. d4 Nd7 5. g3 e5 6. d5 g6 7. h4 h5 8. Nf3 Be7 9. Bh3 Ngf6 10. Bg5 Nh7 11. Be3 Ndf6 12. Qd2 a6 13. 0-0 Bc8 14. Bg2 Ng4 15. b4 Nxe3 16. Qxe3 0-0 17. Nd2 Bd7 18. Nb3 Kg7 19. c5 bxc5 20. bxc5 Nf6 21. c6 Bc8 22. f3 a5 23. a4 Nh7 24. Nb5 g5 25. hxg5 Bxg5 26. f4 Bh6 27. Qf2 f5 28. fxe5 dxe5 29. exf5 Bxf5 30. Qe2 Qg5 31. Qxe5+ Kg8 32. N3d4 Bg7 33. Qf4 Qg6 34. Nxf5 Rxf5 35. Qe4 Rxf1+ 36. Rxf1 Qxg3 37. Qf3 Qe5 38. d6 cxd6 39. c7 d5 40. Qxd5+ Qxd5 41. Bxd5+ Kh8 42. Bxa8 1-0

[Event "Oskarja Memorial 10th"]
[Site "Chess.com INT"]
[Date "2021.01.16"]
[Round "4"]
[White "Zitnik, Urban"]
[Black "Bozanic, Ivica"]
[Result "1-0"]
[WhiteElo "1641"]
[BlackElo "2101"]
[PlyCount "93"]
[EventDate "2021.01.16"]
[EventType "swiss (blitz)"]
[EventRounds "15"]
[EventCountry "SLO"]
[SourceTitle "CBM 200 Extra"]
[Source "ChessBase"]
[SourceDate "2021.03.31"]
[SourceVersion "1"]
[SourceVersionDate "2021.03.31"]
[SourceQuality "1"]

1. b3 e5 2. Bb2 d6 3. e3 f5 4. d4 Nd7 5. Nf3 e4 6. Nfd2 Ngf6 7. g3 g6 8. Be2 Bg7 9. h4 h6 10. c4 0-0 11. Nc3 c6 12. Ba3 Qe7 13. Qc2 a6 14. b4 d5 15. Qb3 Qf7 16. Na4 b5 17. cxb5 axb5 18. Nc5 Nb6 19. Bb2 Nfd7 20. 0-0 Nxc5 21. dxc5 Nc4 22. Nxc4 dxc4 23. Qc2 Ra4 24. a3 Be6 25. Rfd1 Bd5 26. Bxg7 Qxg7 27. Rd4 Rfa8 28. Qc3 Kh7 29. Kh2 Rf8 30. Qc2 Qf6 31. Rad1 Kg7 32. Bxc4 Bxc4 33. Rxc4 Rxa3 34. Rcd4 Ra6 35. Qb3 Rf7 36. Rd6 Qe5 37. Re6 Ra3 38. Qxa3 Qxe6 39. Rd6 Qc4 40. Qb2+ Kf8 41. Rxg6 Qf1 42. Rxc6 f4 43. Rc8+ Ke7 44. Qe5+ Kd7 45. Rc7+ Kd8 46. Qd6+ Ke8 47. Rc8# 1-0

[Event "Oskarja Memorial 10th"]
[Site "Chess.com INT"]
[Date "2021.01.16"]
[Round "1"]
[White "Zitnik, Urban"]
[Black "Novak, Biserka"]
[Result "1-0"]
[WhiteElo "1641"]
[BlackElo "1190"]
[PlyCount "25"]
[EventDate "2021.01.16"]
[EventType "swiss (blitz)"]
[EventRounds "15"]
[EventCountry "SLO"]
[SourceTitle "CBM 200 Extra"]
[Source "ChessBase"]
[SourceDate "2021.03.31"]
[SourceVersion "1"]
[SourceVersionDate "2021.03.31"]
[SourceQuality "1"]

1. b3 b6 2. Bb2 Bb7 3. Nf3 Nf6 4. Bxf6 g6 5. Bxh8 f6 6. g3 Bh6 7. e3 Kf7 8. Bxf6 exf6 9. Bg2 Qe7 10. 0-0 d5 11. c4 dxc4 12. Ng5+ Bxg5 13. Bxb7 1-0

[Event "Oskarja Memorial 10th"]
[Site "Chess.com INT"]
[Date "2021.01.16"]
[Round "2"]
[White "Zitnik, Urban"]
[Black "Orehek, Spela"]
[Result "1/2-1/2"]
[WhiteElo "1641"]
[BlackElo "1926"]
[PlyCount "104"]
[EventDate "2021.01.16"]
[EventType "swiss (blitz)"]
[EventRounds "15"]
[EventCountry "SLO"]
[SourceTitle "CBM 200 Extra"]
[Source "ChessBase"]
[SourceDate "2021.03.31"]
[SourceVersion "1"]
[SourceVersionDate "2021.03.31"]
[SourceQuality "1"]

1. b3 e5 2. Bb2 d6 3. e3 f5 4. d4 Nd7 5. Nf3 e4 6. Nfd2 d5 7. g3 Ngf6 8. c4 c6 9. Nc3 Be7 10. cxd5 cxd5 11. h4 0-0 12. a3 a6 13. b4 b5 14. Be2 Nb6 15. Nb3 Nc4 16. Qc2 Be6 17. Nc5 Bf7 18. Bxc4 bxc4 19. Ne2 a5 20. Nb7 Qb6 21. Nxa5 Rfb8 22. Bc3 Be8 23. 0-0 Ng4 24. Nf4 Rd8 25. Rae1 Qh6 26. Kg2 g5 27. Ne2 gxh4 28. Rh1 Qg7 29. Nf4 hxg3 30. fxg3 Ra6 31. Nb7 Rh6 32. Nxd8 Rxh1 33. Kxh1 Qh6+ 34. Kg1 Bxd8 35. Qg2 Ba4 36. Nxd5 Bg5 37. Nf4 Bb3 38. b5 Ba4 39. d5 Bxb5 40. Re2 Bf6 41. Bxf6 Qxf6 42. Rb2 Qb6 43. Qh3 Qxe3+ 44. Kh1 Qf3+ 45. Qg2 Qd1+ 46. Qg1 Qa4 47. Rb4 Qxa3 48. Rxb5 Qf3+ 49. Qg2 Qd1+ 50. Qg1 Qf3+ 51. Qg2 Qd1+ 52. Qg1 Qf3+ 1/2-1/2

[Event "Oskarja Memorial 10th"]
[Site "Chess.com INT"]
[Date "2021.01.16"]
[Round "7"]
[White "Zitnik, Urban"]
[Black "Orel Music, Simona"]
[Result "1-0"]
[WhiteElo "1641"]
[BlackElo "1799"]
[PlyCount "107"]
[EventDate "2021.01.16"]
[EventType "swiss (blitz)"]
[EventRounds "15"]
[EventCountry "SLO"]
[SourceTitle "CBM 200 Extra"]
[Source "ChessBase"]
[SourceDate "2021.03.31"]
[SourceVersion "1"]
[SourceVersionDate "2021.03.31"]
[SourceQuality "1"]

1. b3 d5 2. Bb2 c6 3. e3 Nf6 4. f4 Bg4 5. Nf3 e6 6. Be2 Be7 7. h3 Bxf3 8. Bxf3 0-0 9. 0-0 Nbd7 10. d3 Rc8 11. Nd2 c5 12. Qe2 b6 13. c4 Qc7 14. g3 Rfe8 15. e4 dxe4 16. dxe4 Red8 17. e5 Ne8 18. Ne4 Nf8 19. Rad1 Rxd1 20. Rxd1 Rd8 21. Rxd8 Qxd8 22. Qd2 Qxd2 23. Nxd2 g6 24. Kg2 Ng7 25. g4 Bh4 26. Bc6 h5 27. Kf3 Be1 28. Ne4 hxg4+ 29. hxg4 Nh7 30. Bc3 Bxc3 31. Nxc3 Nf8 32. Nb5 a6 33. Nd6 Nh7 34. Nc8 b5 35. cxb5 axb5 36. Bxb5 f5 37. g5 Kf7 38. a4 Ne8 39. Bxe8+ Kxe8 40. Nd6+ Kd7 41. Nb7 c4 42. bxc4 Nf8 43. Ke3 Kc6 44. Nd8+ Kc5 45. a5 Kxc4 46. a6 Nd7 47. a7 Nb6 48. Nxe6 Kd5 49. Nc7+ Kc6 50. a8Q+ Nxa8 51. Nxa8 Kd5 52. Nc7+ Kc6 53. Ne6 Kd5 54. Nf8 1-0

[Event "SLO-chT U20"]
[Site "Sentjur"]
[Date "2005.08.22"]
[Round "3"]
[White "Vrban, Rok"]
[Black "Zitnik, Urban"]
[Result "0-1"]
[WhiteElo "1621"]
[BlackElo "1500"]
[PlyCount "86"]
[EventDate "2005.08.21"]
[EventType "team"]
[EventRounds "9"]
[EventCountry "SLO"]
[SourceTitle "EXT 2008"]
[Source "ChessBase"]
[SourceDate "2007.11.25"]
[SourceVersion "1"]
[SourceVersionDate "2007.11.25"]
[SourceQuality "1"]

1. e4 d6 2. d4 g6 3. Nf3 Bg7 4. c4 c6 5. Nc3 Bg4 6. Be2 Nd7 7. Be3 Qc7 8. Qd2 e5 9. d5 c5 10. Nb5 Qb8 11. 0-0 a6 12. Nc3 Ne7 13. Ne1 Bxe2 14. Qxe2 f5 15. f4 0-0 16. Nd3 Qc7 17. Rad1 Rab8 18. Rfe1 b5 19. fxe5 Bxe5 20. Nxe5 Nxe5 21. cxb5 axb5 22. Nxb5 Qb6 23. a4 f4 24. Bf2 Qa6 25. Qc2 f3 26. Bg3 g5 27. Rf1 N7g6 28. gxf3 Nxf3+ 29. Kh1 Nge5 30. Bxe5 Nxe5 31. b3 Nf3 32. Qg2 Nh4 33. Qxg5+ Ng6 34. h4 Qc8 35. Kh2 Kh8 36. Nxd6 Qa6 37. Nb5 Rbe8 38. h5 Rg8 39. hxg6 Rxg6 40. Qe3 Rh6+ 41. Kg2 Qg6+ 42. Kf2 Rh2+ 43. Ke1 Rxe4 0-1

[Event "SLO-chT U20"]
[Site "Sentjur"]
[Date "2005.08.21"]
[Round "1"]
[White "Pavsic, Andrej"]
[Black "Zitnik, Urban"]
[Result "1-0"]
[WhiteElo "1554"]
[BlackElo "1500"]
[PlyCount "137"]
[EventDate "2005.08.21"]
[EventType "team"]
[EventRounds "9"]
[EventCountry "SLO"]
[SourceTitle "EXT 2008"]
[Source "ChessBase"]
[SourceDate "2007.11.25"]
[SourceVersion "1"]
[SourceVersionDate "2007.11.25"]
[SourceQuality "1"]

1. e4 d6 2. d4 g6 3. h3 Bg7 4. Nf3 c6 5. Nc3 f5 6. Bd3 fxe4 7. Nxe4 Nd7 8. c3 Ndf6 9. Neg5 Nh6 10. Qe2 Qd7 11. Ne4 Nxe4 12. Bxe4 d5 13. Bc2 Qe6 14. Qxe6 Bxe6 15. 0-0 0-0 16. Bxh6 Bxh6 17. Ne5 Rae8 18. Rae1 Bc8 19. Re2 Bf4 20. Nd3 Bd6 21. Rfe1 b6 22. Ne5 Bxe5 23. Rxe5 e6 24. h4 Bd7 25. h5 Kg7 26. R1e3 Rc8 27. hxg6 hxg6 28. Rg3 Rf6 29. Reg5 Be8 30. Bd3 Rd8 31. Be2 Kh6 32. R5g4 Kg7 33. Rh4 Kf8 34. Rgh3 Ke7 35. Rh7+ Rf7 36. Bd3 g5 37. Bg6 Rxh7 38. Rxh7+ Kf6 39. Bxe8 Rxe8 40. Rxa7 Rc8 41. Rb7 c5 42. dxc5 bxc5 43. f3 d4 44. cxd4 cxd4 45. Rb3 Ke5 46. g3 Rc1+ 47. Kg2 Rc2+ 48. Kf1 Kd5 49. Ke1 e5 50. Rb5+ Ke6 51. a4 Rc1+ 52. Kd2 Rf1 53. Rb3 Kf5 54. a5 Rg1 55. g4+ Kf4 56. a6 Rg2+ 57. Ke1 d3 58. Rxd3 Rxb2 59. Ra3 Rb8 60. a7 Ra8 61. Kf2 e4 62. Ra4 Ke5 63. Rxe4+ Kf6 64. Ra4 Ke5 65. Ke3 Kd5 66. Ra5+ Ke6 67. Ke4 Kf6 68. Ra6+ Kg7 69. Kf5 1-0

[Event "SLO-chT U20"]
[Site "Sentjur"]
[Date "2005.08.21"]
[Round "2"]
[White "Zitnik, Urban"]
[Black "Bilbija, Aleksandra"]
[Result "1/2-1/2"]
[WhiteElo "1500"]
[BlackElo "1827"]
[PlyCount "72"]
[EventDate "2005.08.21"]
[EventType "team"]
[EventRounds "9"]
[EventCountry "SLO"]
[SourceTitle "EXT 2008"]
[Source "ChessBase"]
[SourceDate "2007.11.25"]
[SourceVersion "1"]
[SourceVersionDate "2007.11.25"]
[SourceQuality "1"]

1. e4 c5 2. Nf3 Nc6 3. Bb5 g6 4. Bxc6 bxc6 5. 0-0 Bg7 6. Nc3 d5 7. d3 Rb8 8. Na4 Qa5 9. c3 Ba6 10. Ne1 dxe4 11. c4 exd3 12. Bd2 Qd8 13. Rc1 Qd6 14. Qf3 Bd4 15. Nxd3 Rd8 16. Bf4 Qf6 17. Ndxc5 Bc8 18. Bc7 Qxf3 19. gxf3 Bh3 20. Rfd1 Rc8 21. Rxd4 Rxc7 22. Rcd1 Rc8 23. Na6 Nf6 24. Nc7+ Kf8 25. Rd8+ Kg7 26. Rxh8 Kxh8 27. Na6 Nd7 28. b3 g5 29. Re1 e6 30. Nb4 a5 31. Nd3 Rd8 32. Nc3 f6 33. f4 Rg8 34. Kh1 Bf5 35. Re3 Bxd3 36. Rxd3 Nc5 1/2-1/2